000 00418nam a22001457a 4500
005 20241210132450.0
008 241210b |||||||| |||| 00| 0 eng d
020 _a9789988117603
050 _aHV 1454
_b.2.882 AYE
100 _aAYETE-NYAMPONG, SAMUEL
245 _aAGEING IN CONTEMPORARY GHANA
_cSAMUEL AYETE-NYAMPONG
260 _aACCRA
_bCUSTODIANS LIMITED
_cc2008
300 _avi; 120p.,
_billus
942 _2lcc
_cBK
_n0
999 _c2033
_d2033